What is square? / (Record no. 6050)

MARC details
000 -LEADER
fixed length control field 01095cam a2200337 a 4500
001 - CONTROL NUMBER
control field 6050
003 - CONTROL NUMBER IDENTIFIER
control field FISKH
005 - DATE AND TIME OF LATEST TRANSACTION
control field 20251205092610.0
008 - FIXED-LENGTH DATA ELEMENTS--GENERAL INFORMATION
fixed length control field 980508s1999 nyua a 000 0 eng
010 ## - LIBRARY OF CONGRESS CONTROL NUMBER
LC control number 98071866
020 ## - INTERNATIONAL STANDARD BOOK NUMBER
International Standard Book Number 0694012076
020 ## - INTERNATIONAL STANDARD BOOK NUMBER
International Standard Book Number 9780439159456
040 ## - CATALOGING SOURCE
Original cataloging agency DLC
Transcribing agency DLC
Modifying agency DLC
Language of cataloging eng
100 1# - MAIN ENTRY--PERSONAL NAME
Personal name Dotlich, Rebecca Kai.
245 10 - TITLE STATEMENT
Title What is square? /
Statement of responsibility, etc. by Rebecca Kai Dotlich ; photographs by Maria Ferrari.
250 ## - EDITION STATEMENT
Edition statement First Scholastic printing, March 2000
260 ## - PUBLICATION, DISTRIBUTION, ETC.
Place of publication, distribution, etc. New York :
Name of publisher, distributor, etc. Scholastic,
Date of publication, distribution, etc. 1999.
300 ## - PHYSICAL DESCRIPTION
Extent 22 unnumbered pages :
Other physical details color illustrations ;
Dimensions 21 cm
500 ## - GENERAL NOTE
General note "Harper growing tree"--P. [4] of cover.
505 ## - FORMATTED CONTENTS NOTE
Formatted contents note A<br/>
520 ## - SUMMARY, ETC.
Summary, etc. Through a rhyming game and brilliant photographs, children learn what is square in the world.
521 8# - TARGET AUDIENCE NOTE
Target audience note 70<br/>
Source Lexile estimate<br/>
521 8# - TARGET AUDIENCE NOTE
Target audience note A<br/>
Source Raz-Plus<br/>
650 #0 - SUBJECT ADDED ENTRY--TOPICAL TERM
Topical term or geographic name entry element Square
Form subdivision Juvenile literature.
650 #1 - SUBJECT ADDED ENTRY--TOPICAL TERM
Topical term or geographic name entry element Square.
650 #1 - SUBJECT ADDED ENTRY--TOPICAL TERM
Topical term or geographic name entry element Shape.
700 1# - ADDED ENTRY--PERSONAL NAME
Personal name Ferrari, Maria,
Relator term illustrator
906 ## - LOCAL DATA ELEMENT F, LDF (RLIN)
a 7
b cbc
c orignew
d 2
e opcn
f 19
g y-gencatlg
942 ## - ADDED ENTRY ELEMENTS (KOHA)
Source of classification or shelving scheme Dewey Decimal Classification
Koha item type Books
Suppress in OPAC No
Holdings
Withdrawn status Lost status Source of classification or shelving scheme Damaged status Not for loan Collection Home library Current library Shelving location Date acquired Total Checkouts Full call number Barcode Date due Date last seen Date last checked out Copy number Price effective from Koha item type
    Dewey Decimal Classification     Non-Fiction Footprints International School Library Network Toul Kork Campus Footprints International School Library Network Toul Kork Campus TK Primary Library Room(4th Floor), Bookcase 7, Shelves 57-60, Dark Green Books 02/27/2025 2 DOT 516.15 QA482 .D67 FISBK05300 03/26/2026 03/12/2026 03/12/2026 1 02/27/2025 Books
    Dewey Decimal Classification     Non-Fiction Footprints International School Library Network Toul Tom Poung Campus Footprints International School Library Network Toul Tom Poung Campus TTP Primary Green Bookshelves 08/28/2025 1 DOT 516.15 QA482 .D67 FISTK02370   10/17/2025 10/10/2025 2 08/28/2025 Books
    Dewey Decimal Classification     Non-Fiction Footprints International School Library Network Toul Tom Poung Campus Footprints International School Library Network Toul Tom Poung Campus TTP Primary Green Bookshelves 12/05/2025 1 DOT 516.15 QA482 .D67 2025-5025   01/29/2026 01/22/2026 3 12/05/2025 Books